Подробности
| 000 -МАРКЕР |
| контрольное поле |
03884ncm0a2200505 4500 |
| 001 - ИДЕНТИФИКАТОР ЗАПИСИ |
| контрольное поле |
RU\NLR\ONIZ\212706 |
| 005 - ИДЕНТИФИКАТОР ВЕРСИИ |
| контрольное поле |
20250624195756.0 |
| 013 ## - МЕЖДУНАРОДНЫЙ СТАНДАРТНЫЙ НОМЕР ИЗДАНИЯ МУЗЫКАЛЬНОГО ПРОИЗВЕДЕНИЯ (ISMN) |
| Номер (ISMN) |
979-0-66006-119-0 |
| 021 ## - НОМЕР ГОСУДАРСТВЕННОЙ РЕГИСТРАЦИИ |
| Код страны |
Российская Федерация |
| Номер |
13-379н |
| Номер Листа государственной регистраци |
13-23н |
| 035 ## - ДРУГИЕ СИСТЕМНЫЕ НОМЕРА |
| Идентификатор записи |
RU\NLR\ONIZ\GALA\5000025551\20150928191330 |
| 035 ## - ДРУГИЕ СИСТЕМНЫЕ НОМЕРА |
| Идентификатор записи |
(NLR Aleph) 010892214 |
| 071 20 - ИЗДАТЕЛЬСКИЙ НОМЕР |
| Номер, присвоенный агентством |
16085 |
| 100 ## - ДАННЫЕ ОБЩЕЙ ОБРАБОТКИ |
| Данные общей обработки |
20150415d2013 |||y0rusy50 ca |
| 101 0# - ЯЗЫК РЕСУРСА |
| Язык текста, звукозаписи и т.д. |
русский |
| 102 ## - СТРАНА ПУБЛИКАЦИИ ИЛИ ПРОИЗВОДСТВА |
| Страна публикации |
Российская Федерация |
| 125 ## - ПОЛЕ КОДИРОВАННЫХ ДАННЫХ: ЗВУКОЗАПИСИ И НОТНЫЕ ИЗДАНИЯ |
| Форма изложения нотного текста |
ax |
| 200 1# - ЗАГЛАВИЕ И СВЕДЕНИЯ ОБ ОТВЕТСТВЕННОСТИ |
| Основное заглавие |
Альбом пьес для фортепиано |
| Общее обозначение материала |
Ноты |
| Параллельное заглавие |
Album of pieces for piano |
| Обозначение и номер части |
Вып. 2 |
| Язык параллельного заглавия |
английский |
| Первые сведения об ответственности |
И. С. Бах |
| Последующие сведения об ответственности |
сост. и ред. Л. Ройзман |
| 210 ## - ПУБЛИКАЦИЯ, РАСПРОСТРАНЕНИЕ И ДР. |
| Место издания, распространения и т.д. |
Москва |
| Имя издателя, распространителя и т. д. |
Музыка |
| Дата издания, распространения и т.д. |
2013 |
| 215 ## - ФИЗИЧЕСКАЯ ХАРАКТЕРИСТИКА |
| Специфическое обозначение материала и объем |
79 с. |
| Размеры |
29 см |
| 225 1# - СЕРИЯ |
| Основное заглавие серии |
Классики для всех |
| 313 ## - ПРИМЕЧАНИЯ, ОТНОСЯЩИЕСЯ К ТЕМАТИЧЕСКОМУ ДОСТУПУ |
| Текст примечания |
Систематизация документа проведена по изданию - Методика классифицирования музыкальных произведений (нотных изданий) по таблицам Библиотечно-библиографических классификаций : метод. рекомендации / Гос. б-ка СССР им. В.И. Ленина.- М., 1977. Индексу ББК методических рекомендаций присваивается код ББК для научных библиотек - LBC/SL |
| 327 1# - ПРИМЕЧАНИЯ О СОДЕРЖАНИИ |
| Текст примечания |
1. Фантазия : BWV 906; |
| -- |
2. Прелюдия, фуга и аллегро : BWV 998; |
| -- |
3. Сарабанда с вариациями : BWV 990; |
| -- |
4. Прелюдия и фуга : из Сонаты ля мин. : BWV 965; |
| -- |
5. Фуга на тему Томазо Альбинони : BWV 951; |
| -- |
6. Прелюдия и фуга : BWV 894. |
| -- |
7. Токката и фуга для органа : ре мин. : BWV 565 / обраб. для фп. А. Немеровского |
| 464 #0 - АНАЛИТИЧЕСКИЙ УРОВЕНЬ |
| Встроенное поле |
2001#$aФантазия$eBWV 906 |
| -- |
215##$aС.3-7 |
| Заглавие |
Фантазия |
| 464 #0 - АНАЛИТИЧЕСКИЙ УРОВЕНЬ |
| Встроенное поле |
2001#$aПрелюдия, фуга и аллегро$eBWV 998 |
| -- |
215##$aС.8-18 |
| Заглавие |
Прелюдия, фуга и аллегро |
| 464 #0 - АНАЛИТИЧЕСКИЙ УРОВЕНЬ |
| Встроенное поле |
2001#$aСарабанда с вариациями$eBWV 990 |
| -- |
215##$aС.19-37 |
| Заглавие |
Сарабанда с вариациями |
| 464 #0 - АНАЛИТИЧЕСКИЙ УРОВЕНЬ |
| Встроенное поле |
2001#$aПрелюдия и фуга$eиз Сонаты ля мин.$eBWV 965 |
| -- |
215##$aС.38-44 |
| Заглавие |
Прелюдия и фуга |
| 464 #0 - АНАЛИТИЧЕСКИЙ УРОВЕНЬ |
| Встроенное поле |
2001#$aФуга на тему Томазо Альбинони$eBWV 951 |
| -- |
215##$aС.45-51 |
| -- |
702#1$9z01790$aАльбинони$bТ. Д.$gТомазо Джованни$f1671-1751$4230 |
| -- |
790#1$9z01702$aAlbinoni$bT. G.$gTomaso Giovanni$f1671-1751$4230$7ba |
| Заглавие |
Фуга на тему Томазо Альбинони |
| 464 #0 - АНАЛИТИЧЕСКИЙ УРОВЕНЬ |
| Встроенное поле |
2001#$aПрелюдия и фуга$eBWV 894 |
| -- |
215##$aС.52-68 |
| Заглавие |
Прелюдия и фуга |
| 464 #0 - АНАЛИТИЧЕСКИЙ УРОВЕНЬ |
| Встроенное поле |
2001#$aТокката и фуга для органа$eре мин.$eBWV 565$fобраб. для фп. А. Немеровского |
| -- |
215##$aС.69-79 |
| -- |
702#1$aНемеровский$bА.$4030 |
| Заглавие |
Токката и фуга для органа |
| 606 1# - НАИМЕНОВАНИЕ ТЕМЫ КАК ПРЕДМЕТ |
| Наименование темы |
Полифонические произведения для фортепиано |
| Географический подзаголовок |
Германия |
| Хронологический подзаголовок |
18 в. |
| Формальный подзаголовок |
Ноты |
| Код системы |
nlr_sh |
| 686 ## - ИНДЕКСЫ ДРУГИХ КЛАССИФИКАЦИЙ |
| Индекс |
Щ954.2-045я44(4Г) |
| Издание |
LBC/SL |
| Код системы |
|
| 700 #1 - ИМЯ ЛИЦА - ПЕРВИЧНАЯ ОТВЕТСТВЕННОСТЬ |
| Системный номер авторитетной/нормативной записи |
z01790 |
| Начальный элемент ввода |
Бах |
| Часть имени, кроме начального элемента ввода |
И. С. |
| Даты |
1685-1750 |
| Расширение инициалов личного имени |
Иоганн Себастьян |
| Код отношения |
Композитор |
| Графика поля |
Кириллица |
| 702 #1 - ИМЯ ЛИЦА - ВТОРИЧНАЯ ОТВЕТСТВЕННОСТЬ |
| Системный номер авторитетной/нормативной записи |
z01790 |
| Начальный элемент ввода |
Ройзман |
| Часть имени, кроме начального элемента ввода |
Л.И. |
| Даты |
1915-1989 |
| Расширение инициалов личного имени |
Леонид Исаакович |
| Код отношения |
Редактор |
| Графика поля |
Кириллица |
| 790 #1 - ИМЯ ЛИЦА - АЛЬТЕРНАТИВНАЯ ФОРМА |
| Системный номер авторитетной/нормативной записи |
z01700 |
| Начальный элемент ввода |
Bach |
| Часть имени, кроме начального элемента ввода |
J. S. |
| Даты |
1685-1750 |
| Расширение инициалов личного имени |
Johann Sebastian |
| Код отношения |
Композитор |
| Графика поля |
Латинская |
| 790 #1 - ИМЯ ЛИЦА - АЛЬТЕРНАТИВНАЯ ФОРМА |
| Системный номер авторитетной/нормативной записи |
z01702 |
| Начальный элемент ввода |
Rojzman |
| Часть имени, кроме начального элемента ввода |
L. I. |
| Даты |
1915-1989 |
| Расширение инициалов личного имени |
Leonid Isaakovič |
| Код отношения |
Редактор |
| Графика поля |
Латинская |
| 801 #0 - ИСТОЧНИК ЗАПИСИ |
| Страна |
Российская Федерация |
| Организация |
NLR |
| Дата составления |
20150415 |
| Правила каталогизации |
PSBO |
| 801 #1 - ИСТОЧНИК ЗАПИСИ |
| Страна |
Российская Федерация |
| Организация |
NLR |
| Дата составления |
20150415 |
| Источник данных |
rusmarc |
| 801 #2 - ИСТОЧНИК ЗАПИСИ |
| Страна |
Российская Федерация |
| Организация |
NLR |
| Дата составления |
20190630 |
| 852 ## - МЕСТОНАХОЖДЕНИЕ И ШИФР ХРАНЕНИЯ |
| Идентификатор организации |
NLR |
| Наименование фонда или коллекции (Sub-Location Identifier) |
М |
| Шифр хранения (Call Number) |
К-3/26538(2) |
| Страна |
|
| Номер экземпляра |
1 |
| 852 ## - МЕСТОНАХОЖДЕНИЕ И ШИФР ХРАНЕНИЯ |
| Идентификатор организации |
NLR |
| Наименование фонда или коллекции (Sub-Location Identifier) |
М |
| Шифр хранения (Call Number) |
К-3/26538(2)а |
| Страна |
|
| Номер экземпляра |
2 |
| 942 ## - ДОПОЛНИТЕЛЬНЫЕ ЭЛЕМЕНТЫ ЗАПИСИ (АБИС) |
| Тип экземпляра АБИС |
Ноты |
| 980 ## - КОЛЛЕКЦИЯ |
| Название коллекции |
Национальная библиография |
| 980 ## - КОЛЛЕКЦИЯ |
| Название коллекции |
Отдел нот и звукозаписей |